The autobiography of a yogi / (Record no. 156456)

MARC details
000 -LEADER
fixed length control field 00531nam a22001817a 4500
005 - DATE AND TIME OF LATEST TRANSACTION
control field 20180829101140.0
010 ## - LCCN (DPL NO)
LC control number ENG-123869
020 ## - INTERNATIONAL STANDARD BOOK NUMBER
International Standard Book Number 9788121618793
Terms of availability 150.00
035 ## - SYSTEM CONTROL NUMBER
System control number EN-107401
037 ## - SOURCE OF ACQUISITION
Source of stock number/acquisition DBAD/PUB
082 ## - DEWEY DECIMAL CLASSIFICATION NUMBER
Classification number 230.33
100 ## - MAIN ENTRY--PERSONAL NAME
Personal name Paramhansa Yogananda
245 ## - TITLE STATEMENT
Title The autobiography of a yogi /
Statement of responsibility, etc by Paramhansa Yogananda
260 ## - PUBLICATION, DISTRIBUTION, ETC. (IMPRINT)
Place of publication, distribution, etc Noida
Name of publisher, distributor, etc Main Street
Date of publication, distribution, etc 2013
270 ## - ADDRESS
Address E-14, sector-11,
City Noida
Postal code 201301
300 v# - PHYSICAL DESCRIPTION
Extent 351p.
Dimensions 18cm(pbk.)
Other physical details ill.(pictures)
942 ## - ADDED ENTRY ELEMENTS (KOHA)
Source of classification or shelving scheme Dewey Decimal Classification
Item type English Books
Call number suffix PAR
Classification part 230.33
Holdings
Withdrawn status Lost status Not for loan Collection code Home library Current library Date acquired Source of acquisition Cost, normal purchase price Full call number Barcode Copy number Cost, replacement price Koha item type
    Not For Loan Non-fiction D.B.Act.Division Patel Nagar 28/08/2018 DBAD/PUB 150.00 230.33 PAR EN-107401 1 150.00 English Books

© Delhi Public Library
Hit Counter
free hit counter